00535nam a22001697a 450000500170000001000130001702000260003003500120005603700130006808200070008110000290008824500540011724600390017126000430021027000910025330000210034420230321122203.0 aUR-11889 a9789390568192c595.00 aU-10444 bDBAD/PUB aک aسا قی ، نار نگ aمنت شر اف کار /cنا رنگ سا قی aMuntashir Afkaar /bby Narang Saqi aNew DelhibM.R. Publications c2019 ء a10 Metropole Market, 2724-25, First Floor, Kucha Chelan, Darya GanjbNew Delhie110002 a271 صc22cm(Hb)